Railway recruitement board commercial clark & ticket collector (Record no. 8313)

MARC details
000 -LEADER
fixed length control field 00500cam a2200205ua 4500
001 - CONTROL NUMBER
control field 9251
005 - DATE AND TIME OF LATEST TRANSACTION
control field 20260515114439.0
008 - FIXED-LENGTH DATA ELEMENTS--GENERAL INFORMATION
fixed length control field 150224n ii |||gr||||Z||||||eng
020 ## - INTERNATIONAL STANDARD BOOK NUMBER
International Standard Book Number 9788178123974
040 ## - CATALOGING SOURCE
Transcribing agency MAIN
041 ## - LANGUAGE CODE
Language code of text/sound track or separate title eng
082 ## - DEWEY DECIMAL CLASSIFICATION NUMBER
Classification number 001
100 ## - MAIN ENTRY--PERSONAL NAME
Personal name Gupta, R.,
Relator term Author.
245 1# - TITLE STATEMENT
Title Railway recruitement board commercial clark & ticket collector
Statement of responsibility, etc. By R. Gupta
250 ## - EDITION STATEMENT
Edition statement 1st.
260 ## - PUBLICATION, DISTRIBUTION, ETC.
Place of publication, distribution, etc. New Delhi:
Name of publisher, distributor, etc. Ramesh,
Date of publication, distribution, etc. 2013.
300 ## - PHYSICAL DESCRIPTION
Extent 224p.
653 ## - INDEX TERM--UNCONTROLLED
Uncontrolled term Knowledge
942 ## - ADDED ENTRY ELEMENTS (KOHA)
Koha item type Books
Holdings
Withdrawn status Lost status Damaged status Not for loan Home library Current library Shelving location Date acquired Total checkouts Full call number Barcode Date last seen Date last checked out Copy number Price effective from Koha item type
        Naharkatiya College Library Naharkatiya College Library General stacks 09/19/2020 4 001 | GUP 22417 04/11/2026 04/04/2026 1 09/19/2020 Books